<?xml version="1.0" encoding="UTF-8"?>
<record
    xmlns:xsi="http://www.w3.org/2001/XMLSchema-instance"
    xsi:schemaLocation="http://www.loc.gov/MARC21/slim http://www.loc.gov/standards/marcxml/schema/MARC21slim.xsd"
    xmlns="http://www.loc.gov/MARC21/slim">

  <leader>00767cam a22002178i 4500</leader>
  <datafield tag="999" ind1=" " ind2=" ">
    <subfield code="c">57392</subfield>
    <subfield code="d">57392</subfield>
  </datafield>
  <controlfield tag="001">18780754</controlfield>
  <controlfield tag="005">20221105220349.0</controlfield>
  <controlfield tag="008">150910t20162016nyua     b    001 0 eng  </controlfield>
  <datafield tag="020" ind1=" " ind2=" ">
    <subfield code="a">9780071849081   1</subfield>
  </datafield>
  <datafield tag="041" ind1=" " ind2=" ">
    <subfield code="a">eng</subfield>
  </datafield>
  <datafield tag="080" ind1=" " ind2=" ">
    <subfield code="a">618.1 W-69</subfield>
  </datafield>
  <datafield tag="245" ind1="0" ind2="0">
    <subfield code="a">Williams gynecology : STUDY GUIDE /</subfield>
    <subfield code="c">[edited by] Barbara L. Hoffman, MD [and 5 others].</subfield>
  </datafield>
  <datafield tag="250" ind1=" " ind2=" ">
    <subfield code="a">Third edition.</subfield>
  </datafield>
  <datafield tag="264" ind1=" " ind2="4">
    <subfield code="c">2016.</subfield>
    <subfield code="a">New York :</subfield>
    <subfield code="b">McGraw-Hill Education,</subfield>
  </datafield>
  <datafield tag="300" ind1=" " ind2=" ">
    <subfield code="a">1270 pages :</subfield>
    <subfield code="b">illustrations (some color) ;</subfield>
    <subfield code="c">29 cm.</subfield>
  </datafield>
  <datafield tag="653" ind1=" " ind2=" ">
    <subfield code="a">&#x10D2;&#x10D4;&#x10DC;&#x10D8;&#x10E2;&#x10D0;&#x10DA;&#x10E3;&#x10E0;&#x10D8; &#x10D3;&#x10D0;&#x10D0;&#x10D5;&#x10D0;&#x10D3;&#x10D4;&#x10D1;&#x10D4;&#x10D1;&#x10D8;</subfield>
  </datafield>
  <datafield tag="653" ind1=" " ind2=" ">
    <subfield code="a">&#x10D2;&#x10D8;&#x10DC;&#x10D4;&#x10D9;&#x10DD;&#x10DA;&#x10DD;&#x10D2;&#x10D8;&#x10D0;</subfield>
  </datafield>
  <datafield tag="653" ind1=" " ind2=" ">
    <subfield code="a">&#x10DB;&#x10D4;&#x10D3;&#x10D8;&#x10EA;&#x10D8;&#x10DC;&#x10D0;</subfield>
  </datafield>
  <datafield tag="700" ind1="1" ind2=" ">
    <subfield code="a">Hoffman, Barbara L.,</subfield>
    <subfield code="e">&#x10E0;&#x10D4;&#x10D3;&#x10D0;&#x10E5;&#x10E2;&#x10DD;&#x10E0;&#x10D8;</subfield>
    <subfield code="9">8419</subfield>
  </datafield>
  <datafield tag="942" ind1=" " ind2=" ">
    <subfield code="2">udc</subfield>
    <subfield code="c">BK</subfield>
  </datafield>
  <datafield tag="952" ind1=" " ind2=" ">
    <subfield code="0">0</subfield>
    <subfield code="1">0</subfield>
    <subfield code="2">udc</subfield>
    <subfield code="4">0</subfield>
    <subfield code="6">6181_W69</subfield>
    <subfield code="7">0</subfield>
    <subfield code="9">89103</subfield>
    <subfield code="a">CPL</subfield>
    <subfield code="b">CPL</subfield>
    <subfield code="c">GEN</subfield>
    <subfield code="d">2020-06-15</subfield>
    <subfield code="g">120.00</subfield>
    <subfield code="o">618.1 W-69</subfield>
    <subfield code="p">60589</subfield>
    <subfield code="r">2020-06-15</subfield>
    <subfield code="t">60589</subfield>
    <subfield code="w">2020-06-15</subfield>
    <subfield code="y">BK</subfield>
    <subfield code="z">120 gel.</subfield>
  </datafield>
</record>
